000 00225 a2200097 4500
001 7727
100 _aShorted, L.R
245 _aProblems and worked solutions in vector analysis
260 _a
_bDover
_c
090 _c6184
_d6184
942 _aNUST-CAE
_cM
_c32694
999 _c242800
_d242800